15 goodnight stories

Bibliographic Details
Main Author: Spurgeon,Maureen
Format: Book
Published: England : Brown Watson , 2005
Series:Now I can read
Subjects:

MARC

LEADER 00000cam a2200000 7i4500
001 0000003837
005 20220105103952.0
008 070720
020 |a 0709716540 
090 0 0 |a JP   |b FT ENG (5082) 
100 1 |a Spurgeon,Maureen 
245 1 0 |a 15 goodnight stories   |c Stories by Maureen Spurgeon 
246 0 0 |a Fifteen goodnight stories 
260 |a England :   |b Brown Watson ,   |c 2005 
440 |a Now I can read 
500 |a Children age 4-6 years old (yellow) 
650 0 |a Fairy tales   |x Fiction 
999 |a 0000972131   |b Book   |c Children Collection   |e Perbadanan Perpustakaan Awam Johor 
999 |a 0000972132   |b Book   |c Children Collection   |e Perbadanan Perpustakaan Awam Johor 
999 |a 0000972133   |b Book   |c Children Collection   |e Perbadanan Perpustakaan Awam Johor 
999 |a 0000981764   |b Book   |c Children Collection   |e Perbadanan Perpustakaan Awam Johor 
999 |a 0001129806   |b Book   |c Children Collection   |e Cawangan Tangkak 
999 |a 000147198   |b Book   |c Children Collection   |e Cawangan Taman Universiti